<?xml version="1.0" encoding="UTF-8"?>
<collection xmlns="http://www.loc.gov/MARC21/slim">
 <record>
  <leader>00763cam a2200181 7i4500</leader>
  <controlfield tag="001">0000079307</controlfield>
  <controlfield tag="005">20091014090000.0</controlfield>
  <controlfield tag="008">091012s2007    my c                may   </controlfield>
  <datafield tag="020" ind1="#" ind2="0">
   <subfield code="a">9834196563 </subfield>
  </datafield>
  <datafield tag="090" ind1="0" ind2="0">
   <subfield code="a">QH 76 </subfield>
   <subfield code="b">.J3 2007</subfield>
  </datafield>
  <datafield tag="110" ind1="1" ind2="0">
   <subfield code="a">Jabatan Perlindungan Hidupan Liar dan Taman Negara Semenanjung Malaysia</subfield>
  </datafield>
  <datafield tag="245" ind1="1" ind2="0">
   <subfield code="a">Paya Indah Wetlands : </subfield>
   <subfield code="b">satu perjalanan alam  </subfield>
   <subfield code="c">Jabatan Perlindungan Hidupan Liar dan taman negara (PERHILITAN) Semenanjung Malaysia.</subfield>
  </datafield>
  <datafield tag="260" ind1="#" ind2="#">
   <subfield code="a">Kuala Lumpur: </subfield>
   <subfield code="b">PERHILITAN, </subfield>
   <subfield code="c">2007.</subfield>
  </datafield>
  <datafield tag="300" ind1="#" ind2="#">
   <subfield code="a">ix, 95 p.: </subfield>
   <subfield code="b">ill.col.; </subfield>
   <subfield code="c">29 cm.+.</subfield>
  </datafield>
  <datafield tag="650" ind1="0" ind2="0">
   <subfield code="a">Nature conservation </subfield>
  </datafield>
  <datafield tag="650" ind1="0" ind2="0">
   <subfield code="a">Wetland conservation </subfield>
  </datafield>
  <datafield tag="999" ind1=" " ind2=" ">
   <subfield code="a">1100052256</subfield>
   <subfield code="b">CD-ROM</subfield>
   <subfield code="c">Bahan Pandang Dengar</subfield>
   <subfield code="e">BILIK BAHAN SUMBER MEDIA</subfield>
  </datafield>
  <datafield tag="999" ind1=" " ind2=" ">
   <subfield code="a">1100052255</subfield>
   <subfield code="b">Book</subfield>
   <subfield code="c">Bahan Pandang Dengar</subfield>
   <subfield code="e">KOLEKSI TERBUKA</subfield>
  </datafield>
 </record>
</collection>
